Arbitration Law Monthly (Record no. 118734)

MARC details
000 -LEADER
fixed length control field 00599cas a22001935a 4500
001 - CONTROL NUMBER
control field ##L111666
008 - FIXED-LENGTH DATA ELEMENTS--GENERAL INFORMATION
fixed length control field 070608c2001 xxkmr p 0 a0eng d
022 1# - INTERNATIONAL STANDARD SERIAL NUMBER
International Standard Serial Number 1472-9822
035 ## - SYSTEM CONTROL NUMBER
System control number (Sirsi) u111666
041 0# - LANGUAGE CODE
Language code of text/sound track or separate title eng
245 00 - TITLE STATEMENT
Title Arbitration Law Monthly
260 3# - PUBLICATION, DISTRIBUTION, ETC.
Place of publication, distribution, etc. London
Name of publisher, distributor, etc. Informa Professional
Date of publication, distribution, etc. 2001-
362 0# - DATES OF PUBLICATION AND/OR SEQUENTIAL DESIGNATION
Dates of publication and/or sequential designation 1(1) February 2001-
554 ## -
-- Ten per year
651 #4 - SUBJECT ADDED ENTRY--GEOGRAPHIC NAME
Geographic name United Kingdom
Chronological subdivision
690 ## - LOCAL SUBJECT ADDED ENTRY--TOPICAL TERM (OCLC, RLIN)
Topical term or geographic name as entry element MANAGEMENT-DISPUTE AVOIDANCE, MANAGEMENT AND RESOLUTION-DISPUTE MANAGEMENT AND RESOLUTION-ARBITRATION
780 00 - PRECEDING ENTRY
Title Arbitration and Dispute Resolution Law Journal
942 ## - ADDED ENTRY ELEMENTS (KOHA)
Suppress in OPAC 0
Holdings
Withdrawn status Lost status Source of classification or shelving scheme Damaged status Not for loan Home library Current library Shelving location Date acquired Total Checkouts Full call number Barcode Date last seen Price effective from Koha item type
    Dewey Decimal Classification     London London Gallery 23/04/2004   ARBITRATION LAW MONTHLY 111666-1001 06/08/2019 06/08/2019 Journal